| 000 | 00387nam a2200121Ia 4500 | ||
|---|---|---|---|
| 008 | 230907s9999||||xx |||||||||||||| ||und|| | ||
| 082 |
_a333.793213015195 _bWER |
||
| 100 |
_aWeron, RafaĆ. _9115309 |
||
| 245 | 0 | _aModeling and forecasting electricity loads and prices : | |
| 260 |
_aJohn Wiley & Sons, _bChichester, England ; | Hoboken, NJ : _c2006 |
||
| 300 | _axi, 178 p. : | ||
| 942 | _cBK | ||
| 999 |
_c598070 _d598070 |
||